000 00956nam a2200265 a 4500
001 000028030
003 DO-SdBNP
005 20250306132242.0
008 110406s1977 dr ad 000 0 spa d
040 _aDO-SdBNP
_bspa
_cBNPHU
049 _aBNPD
082 _a569.8
_bR577u
100 1 _aRímoli, Renato O
_936749
245 1 0 _aUna nueva especie de monos :
_b(Cebidae: Saimirinae: Saimiri) de la Hispaniola /
_cRenato Rímoli.
260 _aSanto Domingo :
_bUASD,
_c1977.
300 _a16 p. :
_bil., gráfcs. ;
_c21 cm.
490 1 _aCuadernos del CENDIA
_v42
_v1
650 4 _aMonos
_xLa hispaniola (isla)
_955067
650 4 _aPrimates
_xLa hispaniola (isla)
_955068
650 4 _aFauna tropical
_955069
710 1 _aUniversidad Autónoma de Santo Domingo
_bCentro Dominicano de investigaciones Antropológicas (CENDIA)
_972951
830 0 _aCuadernos del CENDIA
_v42
_n1
_955071
910 _aValidado. Control de la calidad EMS
942 _2ddc
_cLF2
999 _c27522
_d27522